|
|
|
|
| LEADER |
01155nam a2200301 i 4500 |
| 001 |
3441 |
| 003 |
BD-DhAAL |
| 005 |
20141223101311.0 |
| 008 |
141223s1975 enka b 000 0 eng |
| 010 |
|
|
|a 75332087
|
| 020 |
|
|
|a 0710083106
|
| 040 |
|
|
|a DLC
|c DLC
|d DLC
|d BD-DhAAL
|
| 050 |
0 |
0 |
|a HN400.C6
|b A25 1975
|
| 082 |
0 |
0 |
|a 361/.941
|
| 245 |
0 |
0 |
|a Action-research in community development /
|c edited by Ray Lees and George Smith.
|
| 260 |
|
|
|a London ;
|a Boston :
|b Routledge & K. Paul,
|c 1975.
|
| 300 |
|
|
|a xii, 202 p. :
|b ill. ;
|c 24 cm.
|
| 490 |
0 |
|
|a Routledge direct editions
|
| 504 |
|
|
|a Includes bibliography (p. 200-202.)
|
| 541 |
|
|
|e 3441
|
| 650 |
|
0 |
|a Community Development Project.
|9 6972
|
| 650 |
|
0 |
|a Community development
|z Great Britain
|x Case studies.
|9 6973
|
| 650 |
|
0 |
|a Evaluation research (Social action programs)
|z Great Britain.
|9 6974
|
| 700 |
1 |
|
|a Lees, Ray.
|9 6975
|
| 700 |
1 |
|
|a Smith, George Antony Noel.
|9 6976
|
| 942 |
|
|
|2 ddc
|c BK
|
| 999 |
|
|
|c 33346
|d 33346
|
| 952 |
|
|
|0 0
|1 0
|2 ddc
|4 0
|6 361_941000000000000_ACT
|7 0
|9 44538
|a BRACUL
|b BRACUL
|c GEN
|d 2014-12-23
|g 0.00
|l 0
|o 361.941 ACT
|p 3010003441
|r 2014-12-23
|t 1
|w 2014-12-23
|y BK
|z Not price in Register
|